Je pense à 30 pays...hmm lesquels ? - Statistiques

Statistiques générales
  • Ce quiz a été pris 93 fois
  • Le résultat moyen est 13 sur 30
Statistiques - réponses
Hint Réponse % Correct
27 France
96%
4 Japon
72%
6 Mexique
67%
18 Maroc
65%
30 Egypte
58%
11 Argentine
56%
8 Norvège
55%
7 Nouvelle-Zélande
55%
21 Chili
54%
2 Suisse
54%
14 Corée du Sud
49%
16 Estonie
47%
22 Grèce
47%
29 Thailande
45%
23 Bolivie
39%
12 Indonésie
39%
9 Ethiopie
34%
28 Nicaragua
34%
3 Ouzbékistan
34%
19 Madagascar
33%
5 Qatar
33%
26 Syrie
32%
24 Arménie
31%
25 Zimbabwe
31%
15 Bahamas
28%
13 Honduras
28%
20 Vanuatu
27%
10 Bangladesh
24%
1 Liberia
20%
17 Gabon
16%
Aucun quiz correspondant
Distribution des résultats
% des personnes avec chaque résultat
Percentile par nombre de réponses
Votre historique - résultats
Vous n’avez pas pris ce quiz